Oklahoma

Oklahoma has much history and culture. Its culture includes cowboys and Native Americans. Its landscape includes rugged mountains, grassy plains, rich farmland, and thick forests.

Đã lưu trong:
書目詳細資料
主要作者: Murray, Julie
格式: 圖書
語言:Undetermined
出版: Edina, Minn. ABDO Pub. 2006
主題:
標簽: 添加標簽
沒有標簽, 成為第一個標記此記錄!
Thư viện lưu trữ: Trung tâm Học liệu Trường Đại học Cần Thơ
LEADER 00667nam a2200205Ia 4500
001 CTU_137870
008 210402s9999 xx 000 0 und d
020 |c 24.21 
082 |a 976.6 
082 |b M982 
100 |a Murray, Julie 
245 0 |a Oklahoma 
245 0 |c Julie Murray 
260 |a Edina, Minn. 
260 |b ABDO Pub. 
260 |c 2006 
520 |a Oklahoma has much history and culture. Its culture includes cowboys and Native Americans. Its landscape includes rugged mountains, grassy plains, rich farmland, and thick forests. 
650 |a Tiểu bang Oklahoma 
904 |i Giang 
980 |a Trung tâm Học liệu Trường Đại học Cần Thơ